000 00339nam a22001217a 4500
008 230522b |||||||| |||| 00| 0 eng d
082 _a362.29
100 _aDepartment of Education
245 _aDrug abuse prevention integrated in scouting kit,
_bNational Drug Education Program
260 _c2003
300 _a274 p.
_c25 cm
942 _2ddc
999 _c9584
_d9585